00555nam a2200169 a 4500008004100000020001500041050001800056100001600074245005000090246005500140260004200195300003400237350000900271650004700280650004600327650001200373120416s1981 ||||||||||||||||| || u a047127819x aHD 7287.7 Lew aLewin, A. C10aHousing co-operatives in developing countries aa manual for self-help in low-cost housing schemes aChichesterbJohn Wiley and Sonsc1981 axv, 170 pages : illustrations a0.00 aHOUSING, COOPERATIVE--DEVELOPING COUNTRIES aHOUSING, COOPERATIVE--AFRICA, SUB-SAHARAN aHOUSING